Comparative Development of India & China: (Record no. 181562)

MARC details
000 -LEADER
fixed length control field 00798nam a22002177a 4500
005 - DATE AND TIME OF LATEST TRANSACTION
control field 20210923151035.0
010 ## - LCCN (DPL NO)
LC control number ENG-129955
020 ## - INTERNATIONAL STANDARD BOOK NUMBER
International Standard Book Number 9789353886066
Terms of availability 1395.00
035 ## - SYSTEM CONTROL NUMBER
System control number EN-113487
037 ## - SOURCE OF ACQUISITION
Source of stock number/acquisition DBAD/PUB
082 ## - DEWEY DECIMAL CLASSIFICATION NUMBER
Classification number 338.961
245 ## - TITLE STATEMENT
Title Comparative Development of India & China:
Statement of responsibility, etc edited by Neena Sondhi, Ramakrushna Panigrahi Miao Pang and Rajashri Chatterjee
Remainder of title Economic,technological sectoral &Socio- cultural Insights
260 ## - PUBLICATION, DISTRIBUTION, ETC. (IMPRINT)
Name of publisher, distributor, etc Sage
Place of publication, distribution, etc India
Date of publication, distribution, etc 2021
270 ## - ADDRESS
City New Delhi
Postal code 110044
Address B1/1-1,Mohan Cooperative industrial Area Mathura road Post Bag 7
300 ## - PHYSICAL DESCRIPTION
Extent vii,491p.
Dimensions 25cm(hbk)
700 ## - ADDED ENTRY--PERSONAL NAME
Personal name edited by Sondhi,Neena
700 ## - ADDED ENTRY--PERSONAL NAME
Personal name Panigrahi,Ramakrushna
700 ## - ADDED ENTRY--PERSONAL NAME
Personal name Pang,Miao
700 ## - ADDED ENTRY--PERSONAL NAME
Personal name Chatterjee, Rajashri
942 ## - ADDED ENTRY ELEMENTS (KOHA)
Source of classification or shelving scheme Dewey Decimal Classification
Item type English Books
Classification part 338.961
Call number suffix COM
Holdings
Withdrawn status Lost status Not for loan Collection code Home library Current library Date acquired Source of acquisition Cost, normal purchase price Full call number Barcode Copy number Cost, replacement price Koha item type
      Non-fiction Shahdara Branch Shahdara Branch 23/09/2021 DBAD/PUB 1395.00 338.961 COM EN-113487 1 1395.00 English Books

© Delhi Public Library
Hit Counter
free hit counter